[Event "G7 Gruppe 1"]
[Site "Svendborg"]
[Date "2018.03.27"]
[Round "1"]
[White "Hansen, Erik Olsgaard"]
[Black "Steenstrup, Svend"]
[Result "1/2-1/2"]
[WhiteElo "1952"]
[BlackElo "1942"]
[PlyCount "180"]
[EventDate "2018.03.27"]
[EventType "swiss"]
[EventRounds "7"]
[EventCountry "DEN"]

1. b3 b5 2. Bb2 Bb7 3. e3 e6 4. Nf3 b4 5. Be2 f5 6. O-O Nf6 7. c4 Be7 8. d3 O-O
9. Nbd2 d6 10. Nd4 Qd7 11. Bf3 d5 12. cxd5 exd5 13. Re1 c5 14. Nc2 Nc6 15. d4
Ne4 16. dxc5 Nc3 17. Bxc3 bxc3 18. Nb1 Ne5 19. Be2 Bxc5 20. Nxc3 f4 21. Nd4 Bb4
22. Rc1 Rac8 23. Qd2 fxe3 24. fxe3 Qc7 25. Ndb5 Qb6 26. a3 Bc5 27. Nxd5 Qe6 28.
Bc4 Nxc4 29. bxc4 Qe4 30. Nd4 Bxa3 31. Ra1 Bc5 32. Rf1 Bxd5 33. cxd5 Qxd5 34.
Qa2 Rfd8 35. Qxd5+ Rxd5 36. Rfd1 Rcd8 37. Kf1 R8d6 38. Rd3 Rb6 39. Ke2 Rh6 40.
h3 Rg5 41. g4 Rxh3 42. Ne6 Rxg4 43. Rd8+ Kf7 44. Nxc5 h5 45. Rd7+ Kg6 46. Raxa7
Kh6 47. Ra6+ Kh7 48. Re7 h4 49. Ne6 Rgg3 50. Nf4 Rh2+ 51. Kd3 h3 52. Raa7 Rhg2
53. Ra1 Rg1 54. Rxg1 Rxg1 55. Nxh3 Rd1+ 56. Ke4 Kg6 57. Ke5 Rf1 58. Nf4+ Kh6
59. Re6+ Kh7 60. Re7 Kh6 61. Ra7 g5 62. Ra6+ Kh7 63. Nd3 g4 64. Ra2 Kg6 65.
Nf4+ Kg5 66. Rg2 Rf3 67. Ke4 Kh4 68. Ng6+ Kh3 69. Ra2 Rf7 70. Nf4+ Kh4 71. Rg2
Re7+ 72. Kd3 Rd7+ 73. Ke2 Ra7 74. Kf2 Ra2+ 75. Ne2 Kh3 76. Rg3+ Kh4 77. Rg1 Kg5
78. Rg2 Kh4 79. Rh2+ Kg5 80. e4 Ra3 81. e5 Rf3+ 82. Kg2 Re3 83. Ng3 Kf4 84.
Nh5+ Kxe5 85. Rh4 Kf5 86. Ng3+ Kf4 87. Nf1 Re2+ 88. Kg1 Ra2 89. Rh2 Rxh2 90.
Kxh2 Kf3 1/2-1/2

[Event "G7 Gruppe 1"]
[Site "Svendborg"]
[Date "2018.03.27"]
[Round "1"]
[White "Molvig, Henrik"]
[Black "Olsen, Bjorn"]
[Result "1-0"]
[WhiteElo "2092"]
[BlackElo "1855"]
[PlyCount "47"]
[EventDate "2018.03.27"]
[EventType "swiss"]
[EventRounds "7"]
[EventCountry "DEN"]

1. d4 d5 2. c4 c6 3. Nf3 e6 4. Nc3 Nf6 5. Bg5 h6 6. Bh4 dxc4 7. e4 g5 8. Bg3
Nbd7 9. Bxc4 Qa5 10. O-O b5 11. Bd3 b4 12. Ne2 Nh5 13. Nd2 Nxg3 14. Nxg3 Qb6
15. d5 Ne5 16. Nc4 Nxc4 17. Bxc4 cxd5 18. exd5 e5 19. d6 Be6 20. Bxe6 fxe6 21.
Qh5+ Kd8 22. Qf7 Bxd6 23. Rfd1 Rf8 24. Qxf8+ 1-0

[Event "G7 Gruppe 1"]
[Site "Svendborg"]
[Date "2018.03.27"]
[Round "1"]
[White "Nord, Michael"]
[Black "Christensen, Jacob Foged"]
[Result "1-0"]
[WhiteElo "2042"]
[BlackElo "1945"]
[PlyCount "69"]
[EventDate "2018.03.27"]
[EventType "swiss"]
[EventRounds "7"]
[EventCountry "DEN"]

1. e4 c5 2. Nf3 d6 3. Bb5+ Bd7 4. Bxd7+ Nxd7 5. O-O Ngf6 6. Nc3 g6 7. d3 Bg7 8.
h3 O-O 9. Be3 e5 10. Qd2 a6 11. a4 Qc7 12. b3 Rab8 13. a5 Rfe8 14. Nh2 Qc6 15.
Bh6 d5 16. f3 d4 17. Ne2 Nf8 18. Bxg7 Kxg7 19. Ng4 Nxg4 20. hxg4 Ne6 21. g3 Rh8
22. f4 f6 23. Kg2 f5 24. gxf5 gxf5 25. Kh2 fxe4 26. dxe4 h6 27. fxe5 Qxe4 28.
Nf4 Ng5 29. Qf2 Rhf8 30. Rae1 Qc6 31. Qe2 Rbe8 32. Qd3 Kg8 33. e6 Rf6 34. e7
Kf7 35. Qc4+ 1-0

[Event "G7 Gruppe 1"]
[Site "Svendborg"]
[Date "2018.03.27"]
[Round "1"]
[White "Larsen, Ulrik"]
[Black "Poulsen, Peter Risgaard"]
[Result "1-0"]
[WhiteElo "1951"]
[BlackElo "1934"]
[PlyCount "105"]
[EventDate "2018.03.27"]
[EventType "swiss"]
[EventRounds "7"]
[EventCountry "DEN"]

1. e4 d6 2. d4 Nf6 3. Nc3 Nbd7 4. Nf3 e5 5. Bc4 Be7 6. O-O h6 7. Re1 c6 8. a4
Qc7 9. a5 Nf8 10. h3 g5 11. d5 g4 12. hxg4 Bxg4 13. Be2 Ng6 14. a6 Bxf3 15.
axb7 Qxb7 16. dxc6 Qc8 17. Bxf3 Nh4 18. Nd5 Rg8 19. Nxf6+ Bxf6 20. Kh2 Qxc6 21.
g3 Nxf3+ 22. Qxf3 Ke7 23. Re3 h5 24. Rea3 a6 25. Qf5 Rg4 26. Rf3 Rg6 27. Bg5 d5
28. Qxe5+ Qe6 29. Bxf6+ Rxf6 30. Qxf6+ Qxf6 31. Rxf6 Kxf6 32. exd5 Ke5 33. Rd1
Kd6 34. c4 Rb8 35. Ra1 Rxb2 36. Rxa6+ Ke5 37. Kg2 Rc2 38. Rc6 Rc1 39. Rc8 Rc2
40. Kf3 Rc3+ 41. Ke2 Rc2+ 42. Ke3 Rc3+ 43. Kd2 Rf3 44. Ke2 Rc3 45. f4+ Kd6 46.
Kf2 Rc2+ 47. Kf3 Rc3+ 48. Ke4 Rxg3 49. c5+ Kd7 50. Rh8 Rc3 51. c6+ Ke7 52. Rxh5
Rc1 53. Rh6 1-0

[Event "G7 Gruppe 1"]
[Site "Svendborg"]
[Date "2018.03.27"]
[Round "1"]
[White "Mortensen, Henrik"]
[Black "Nielsen, Carsten Juul"]
[Result "1/2-1/2"]
[WhiteElo "1939"]
[BlackElo "1892"]
[PlyCount "40"]
[EventDate "2018.03.27"]
[EventType "swiss"]
[EventRounds "7"]
[EventCountry "DEN"]

1. Nf3 d5 2. b3 Nf6 3. Bb2 Bf5 4. e3 e6 5. c4 c6 6. Nc3 Nbd7 7. Be2 h6 8. O-O
Be7 9. d4 O-O 10. Ne5 Nxe5 11. dxe5 Nd7 12. f4 Bc5 13. Qc1 a5 14. Na4 Be7 15.
Nc3 Nc5 16. cxd5 cxd5 17. Qd2 Qb6 18. Rfd1 Ne4 19. Nxe4 Bxe4 20. Bd4 Qb4
1/2-1/2

[Event "G7 Gruppe 1"]
[Site "Svendborg"]
[Date "2018.03.27"]
[Round "1"]
[White "Jensen, Morten Frank"]
[Black "Jepsen, Thomas Tange"]
[Result "0-1"]
[WhiteElo "2023"]
[BlackElo "2077"]
[PlyCount "74"]
[EventDate "2018.03.27"]
[EventType "swiss"]
[EventRounds "7"]
[EventCountry "DEN"]

1. e4 e5 2. Bb5 Nf6 3. d4 c6 4. dxe5 Nxe4 5. Bd3 Nc5 6. f4 d6 7. Nf3 Be7 8. O-O
O-O 9. Kh1 dxe5 10. fxe5 Nxd3 11. cxd3 c5 12. Nc3 Nc6 13. Bf4 Bf5 14. d4 cxd4
15. Nb5 Bc5 16. Rc1 b6 17. Bg5 Qd7 18. b4 Nxb4 19. Nfxd4 Bd3 20. a3 Bxf1 21.
axb4 Bxb5 22. bxc5 bxc5 23. Nxb5 Qxb5 24. Qd5 Rac8 25. h4 Qc6 26. Qa2 Rfe8 27.
Rf1 Rc7 28. Qb2 c4 29. Qc3 Qe4 30. Qg3 Rb7 31. Bf6 Qg6 32. Qf3 Rb6 33. h5 Qd3
34. Qf4 gxf6 35. exf6 Kh8 36. Rf3 Qd1+ 37. Kh2 Qd6 0-1

[Event "G7 Gruppe 1"]
[Site "Svendborg"]
[Date "2018.03.27"]
[Round "1"]
[White "Hollesen, Kurt"]
[Black "Fogh, Jens Olaf Svanholm"]
[Result "0-1"]
[WhiteElo "1973"]
[BlackElo "2052"]
[PlyCount "78"]
[EventDate "2018.03.27"]
[EventType "swiss"]
[EventRounds "7"]
[EventCountry "DEN"]

1. e4 e6 2. d4 d5 3. Nd2 dxe4 4. Nxe4 Nd7 5. c4 Ngf6 6. Nxf6+ Nxf6 7. Nf3 c5 8.
Be2 Be7 9. O-O Qc7 10. h3 O-O 11. Be3 Rd8 12. Qc2 b6 13. Rad1 Bb7 14. b3 a5 15.
dxc5 Rxd1 16. Rxd1 bxc5 17. Bg5 Bc6 18. Ne1 Rb8 19. Bf3 Be8 20. Nd3 Bd6 21.
Bxf6 gxf6 22. Ne1 a4 23. bxa4 Rb4 24. Qd2 Be7 25. Qc3 Rxa4 26. Rd2 Qa7 27. Qb3
f5 28. g3 Bf6 29. Kg2 Ra3 30. Qc2 Rc3 31. Qb2 Kg7 32. Qb7 Qxb7 33. Bxb7 Rxc4
34. Rc2 Rb4 35. Bf3 c4 36. Be2 Rb1 37. Nf3 c3 38. Bc4 Bc6 39. g4 Be4 0-1

[Event "G7 Gruppe 1"]
[Site "Svendborg"]
[Date "2018.03.27"]
[Round "1"]
[White "Ramkilde, Mikael"]
[Black "Kristensen, Peter"]
[Result "0-1"]
[WhiteElo "1931"]
[BlackElo "2010"]
[PlyCount "88"]
[EventDate "2018.03.27"]
[EventType "swiss"]
[EventRounds "7"]
[EventCountry "DEN"]

1. Nf3 Nf6 2. g3 c5 3. Bg2 Nc6 4. d3 g6 5. O-O Bg7 6. e4 d6 7. c3 O-O 8. Re1 e5
9. Nbd2 Ne8 10. Nf1 h6 11. Nh4 Kh7 12. Ne3 b5 13. h3 Rb8 14. Qd2 b4 15. Ng4 h5
16. Nh2 Nc7 17. Qd1 Ne6 18. Nf5 Bf6 19. Ne3 Bg5 20. h4 Bh6 21. Nd5 Bxc1 22.
Rxc1 Nc7 23. Nf3 Nxd5 24. exd5 Ne7 25. Ng5+ Kg7 26. c4 Nf5 27. Bf3 Nd4 28. Be4
f6 29. Nf3 f5 30. Nxd4 fxe4 31. Nc6 Qf6 32. Qd2 Rb7 33. dxe4 Rbf7 34. Rc2 Bg4
35. Re3 g5 36. hxg5 Qxg5 37. Qe1 Bf3 38. Qf1 Qg4 39. Kh2 Bxe4 40. Rd2 Bf3 41.
Qh3 Qxc4 42. Nd8 Rxd8 43. Rxf3 Rxf3 44. Qxh5 Rh8 0-1

[Event "G7 Gruppe 1"]
[Site "Svendborg"]
[Date "2018.03.27"]
[Round "1"]
[White "Gregor, Bjarke"]
[Black "Hvid, Jorn Christensen"]
[Result "1-0"]
[WhiteElo "1914"]
[BlackElo "1959"]
[PlyCount "135"]
[EventDate "2018.03.27"]
[EventType "swiss"]
[EventRounds "7"]
[EventCountry "DEN"]

1. e4 c6 2. d4 d5 3. Nd2 dxe4 4. Nxe4 Bf5 5. Ng3 Bg6 6. h4 h6 7. Nf3 Nd7 8. h5
Bh7 9. Bd3 Bxd3 10. Qxd3 Ngf6 11. Bd2 e6 12. O-O-O Be7 13. Kb1 O-O 14. Qe2 c5
15. dxc5 Qc7 16. Nf5 exf5 17. Qxe7 Rfe8 18. Qd6 Qxc5 19. Be3 Qxd6 20. Rxd6 Ne5
21. Nxe5 Rxe5 22. Bd4 Re2 23. Bxf6 gxf6 24. Rf1 Rae8 25. Kc1 Kg7 26. Rd7 Rc8
27. Rd2 Re5 28. f4 Re3 29. Rdf2 Rg3 30. Rd1 b6 31. Rd7 a5 32. Rd5 Rc5 33. Rxc5
bxc5 34. Kd2 Kf8 35. Re2 Rg4 36. Ke3 Ke7 37. Kf3+ Kd7 38. g3 Rg8 39. Rd2+ Kc6
40. c4 a4 41. Rd5 Re8 42. Rxf5 Re6 43. Rd5 Re1 44. Rf5 Re6 45. Rd5 Re1 46. Rd3
Rc1 47. Rc3 Rf1+ 48. Kg4 Kb6 49. Ra3 Rf2 50. b3 axb3 51. Rxb3+ Kc6 52. Ra3 Rc2
53. Ra4 Rc3 54. Ra6+ Kb7 55. Rxf6 Rxc4 56. Rxh6 Ra4 57. Rd6 c4 58. Rd2 Kc6 59.
h6 Ra8 60. Kf3 Rh8 61. Rh2 Kc5 62. Ke3 Kb4 63. Kd2 Ra8 64. Kc1 f5 65. h7 Rh8
66. Kc2 c3 67. a3+ Kc4 68. a4 1-0

[Event "G7 Gruppe 1"]
[Site "Svendborg"]
[Date "2018.03.28"]
[Round "2"]
[White "Nielsen, Carsten Juul"]
[Black "Hansen, Erik Olsgaard"]
[Result "1-0"]
[WhiteElo "1892"]
[BlackElo "1952"]
[PlyCount "63"]
[EventDate "2018.03.27"]
[EventType "swiss"]
[EventRounds "7"]
[EventCountry "DEN"]

1. d4 f5 2. g3 e6 3. c4 Nf6 4. Nc3 Bb4 5. Bd2 Bxc3 6. Bxc3 Ne4 7. Rc1 O-O 8.
Bg2 Nxc3 9. Rxc3 d6 10. Nf3 Nd7 11. O-O Nf6 12. Nd2 Qe8 13. e4 g6 14. Qe2 Rb8
15. e5 Nh5 16. f4 b6 17. Re1 Ng7 18. Ra3 a5 19. Re3 Qd8 20. d5 dxe5 21. Rxe5
exd5 22. Bxd5+ Kh8 23. Nf3 h6 24. Re7 Qd6 25. Ne5 Qc5+ 26. Qf2 Rf6 27. Qxc5
bxc5 28. Rxc7 Be6 29. Nd7 Bxd7 30. Rxd7 Re8 31. Rxe8+ Nxe8 32. Rd8 1-0

[Event "G7 Gruppe 1"]
[Site "Svendborg"]
[Date "2018.03.28"]
[Round "2"]
[White "Jepsen, Thomas Tange"]
[Black "Nord, Michael"]
[Result "0-1"]
[WhiteElo "2077"]
[BlackElo "2042"]
[PlyCount "78"]
[EventDate "2018.03.27"]
[EventType "swiss"]
[EventRounds "7"]
[EventCountry "DEN"]

1. d4 d5 2. c4 Nc6 3. Nc3 Nf6 4. Nf3 e6 5. Bg5 Bb4 6. e3 h6 7. Bh4 g5 8. Bg3
Ne4 9. Qc2 h5 10. h4 Nxg3 11. fxg3 g4 12. cxd5 exd5 13. Ne5 Nxe5 14. dxe5 c6
15. O-O-O Qe7 16. e4 Bxc3 17. bxc3 Be6 18. exd5 Bxd5 19. c4 Be6 20. Rd6 Rd8 21.
Qd2 c5 22. Be2 Rxd6 23. exd6 Qf6 24. Kc2 Qe5 25. Re1 Kd7 26. Bxg4 Qxg3 27. Bf3
Qxh4 28. Qc3 Rg8 29. Bxb7 Qxc4 30. Qxc4 Bxc4 31. Kc3 Bxa2 32. Bf3 Be6 33. Ra1
h4 34. Rxa7+ Kxd6 35. Kd2 Rg3 36. Ke2 h3 37. gxh3 Rxh3 38. Ra6+ Ke5 39. Rc6
Rxf3 0-1

[Event "G7 Gruppe 1"]
[Site "Svendborg"]
[Date "2018.03.28"]
[Round "2"]
[White "Fogh, Jens Olaf Svanholm"]
[Black "Larsen, Ulrik"]
[Result "0-1"]
[WhiteElo "2052"]
[BlackElo "1951"]
[PlyCount "94"]
[EventDate "2018.03.27"]
[EventType "swiss"]
[EventRounds "7"]
[EventCountry "DEN"]

1. d4 Nf6 2. Nf3 g6 3. e3 Bg7 4. Bd3 O-O 5. O-O d6 6. b3 c5 7. Bb2 cxd4 8. exd4
Nc6 9. a3 Bg4 10. h3 Bxf3 11. Qxf3 Qb6 12. d5 Nd4 13. Qd1 Nxd5 14. Nd2 Nf4 15.
Re1 Nxd3 16. cxd3 e6 17. Rb1 d5 18. h4 Rac8 19. h5 Rc7 20. Re3 Nf5 21. Rh3 Bxb2
22. Rxb2 Rfc8 23. Qf3 Rc1+ 24. Kh2 Qd6+ 25. g3 Qe5 26. Ra2 Qe1 27. Qg2 R8c2 28.
Nf3 Qe2 29. Rxc2 Rxc2 30. g4 Ne3 31. Nd4 Nxg4+ 32. Kg3 Qe5+ 33. Kxg4 Qxd4+ 34.
Kg3 Qxd3+ 35. Kh2 Qd4 36. Rf3 Qh4+ 37. Qh3 Qxh3+ 38. Kxh3 Kg7 39. Kg4 gxh5+ 40.
Kxh5 d4 41. Rg3+ Kf6 42. Rf3+ Ke7 43. Kh6 Rc3 44. Rf4 e5 45. Rf5 Ke6 46. Rh5
Rxb3 47. Kxh7 d3 0-1

[Event "G7 Gruppe 1"]
[Site "Svendborg"]
[Date "2018.03.28"]
[Round "2"]
[White "Hvid, Jorn Christensen"]
[Black "Mortensen, Henrik"]
[Result "0-1"]
[WhiteElo "1959"]
[BlackElo "1939"]
[PlyCount "150"]
[EventDate "2018.03.27"]
[EventType "swiss"]
[EventRounds "7"]
[EventCountry "DEN"]

1. e4 Nf6 2. e5 Nd5 3. d4 d6 4. c4 Nb6 5. Nf3 Bg4 6. exd6 exd6 7. Be2 Be7 8.
O-O O-O 9. Nc3 N8d7 10. b3 Nf6 11. Be3 d5 12. Ne5 Bxe2 13. Qxe2 c6 14. Qd3 Nbd7
15. cxd5 Nxd5 16. Nxd5 cxd5 17. Rac1 Nf6 18. Qb5 b6 19. Nc6 Qd7 20. Nxe7+ Qxe7
21. Bg5 Qe4 22. Bxf6 gxf6 23. Rc3 Qxd4 24. Rd3 a6 25. Rg3+ Kh8 26. Qd7 Rad8 27.
Qf5 Qe5 28. Qd3 b5 29. Rh3 Qe4 30. Rd1 Rfe8 31. Re3 Qxd3 32. Rexd3 Re2 33. a4
bxa4 34. bxa4 Re4 35. Rd4 f5 36. f3 Rxd4 37. Rxd4 Kg7 38. Kf2 Kf6 39. Rb4 Rd6
40. Ke3 Ke6 41. a5 Rc6 42. Kd4 f4 43. Kd3 Ke5 44. g3 fxg3 45. hxg3 Rc5 46. Rb7
Rxa5 47. Rxf7 Ra3+ 48. Ke2 Kd4 49. Rf4+ Kc3 50. Ke3 Ra1 51. Rf7 d4+ 52. Kf2 d3
53. Rc7+ Kd2 54. f4 Rc1 55. Rxh7 Rc2 56. Kf3 Kc3 57. Rd7 Rc1 58. Rc7+ Kd2 59.
Ra7 Kc2 60. Rc7+ Kd1 61. Ra7 d2 62. Rxa6 Rc3+ 63. Kf2 Kc2 64. Ra2+ Kd3 65. Ra8
d1=Q 66. Rd8+ Kc2 67. Rxd1 Kxd1 68. f5 Kd2 69. g4 Kd3 70. Kf3 Kd4+ 71. Kf4 Kd5
72. Kg5 Ke5 73. Kg6 Rf3 74. Kf7 Rf4 75. Ke7 Ra4 0-1

[Event "G7 Gruppe 1"]
[Site "Svendborg"]
[Date "2018.03.28"]
[Round "2"]
[White "Steenstrup, Svend"]
[Black "Gregor, Bjarke"]
[Result "0-1"]
[WhiteElo "1942"]
[BlackElo "1914"]
[PlyCount "84"]
[EventDate "2018.03.27"]
[EventType "swiss"]
[EventRounds "7"]
[EventCountry "DEN"]

1. c4 Nf6 2. g3 e5 3. Nc3 Nc6 4. Bg2 Bb4 5. Nd5 Bc5 6. a3 a5 7. Rb1 Nxd5 8.
cxd5 Ne7 9. Qa4 Ra6 10. Nf3 Bd6 11. Qg4 Ng6 12. Qh5 Qe7 13. d4 h6 14. O-O c5
15. dxe5 Bxe5 16. Nxe5 Qxe5 17. Qxe5+ Nxe5 18. f4 Ng6 19. Be3 d6 20. Be4 b5 21.
f5 Ne5 22. f6 g5 23. Bf5 Ra8 24. Rbd1 Nc4 25. Bc1 Bxf5 26. Rxf5 Kd7 27. b3 Ne5
28. Bb2 Rae8 29. h3 Ng6 30. Kf2 Re4 31. Rd3 Rhe8 32. e3 c4 33. bxc4 bxc4 34.
Rc3 Ne5 35. Rc2 Nd3+ 36. Kg1 Rxe3 37. Bd4 Rxg3+ 38. Kh2 Ne1 39. Rxc4 Rg2+ 40.
Kh1 Ree2 41. Bg1 Rg3 42. Rf2 Nf3 0-1

[Event "G7 Gruppe 1"]
[Site "Svendborg"]
[Date "2018.03.28"]
[Round "2"]
[White "Olsen, Bjorn"]
[Black "Ramkilde, Mikael"]
[Result "0-1"]
[WhiteElo "1855"]
[BlackElo "1931"]
[PlyCount "86"]
[EventDate "2018.03.27"]
[EventType "swiss"]
[EventRounds "7"]
[EventCountry "DEN"]

1. Nf3 c5 2. c4 Nf6 3. Nc3 g6 4. g3 Bg7 5. Bg2 O-O 6. e4 Nc6 7. O-O d6 8. d3
Bg4 9. h3 Bd7 10. Be3 Qc8 11. Kh2 e5 12. Nd5 Nxd5 13. cxd5 Ne7 14. Nd2 Qc7 15.
a4 b6 16. Nc4 a6 17. Bg5 f6 18. Bd2 Rae8 19. b4 Nc8 20. bxc5 dxc5 21. Qb3 Kh8
22. Rfb1 b5 23. axb5 axb5 24. Ne3 Nd6 25. Rc1 Bh6 26. Ba5 Qc8 27. Bb4 Bxe3 28.
fxe3 Nb7 29. Qa3 cxb4 30. Qa6 Qb8 31. Qb6 Nd6 32. Qc5 Rc8 33. Qxb4 Rxc1 34.
Rxc1 Rc8 35. Ra1 Qb6 36. d4 Rc4 37. Qd2 exd4 38. exd4 Kg7 39. Qf4 Nf7 40. Ra8
g5 41. Qf3 Qxd4 42. Qa3 b4 43. Qa6 Rc1 0-1

[Event "G7 Gruppe 1"]
[Site "Svendborg"]
[Date "2018.03.28"]
[Round "2"]
[White "Christensen, Jacob Foged"]
[Black "Jensen, Morten Frank"]
[Result "1/2-1/2"]
[WhiteElo "1945"]
[BlackElo "2023"]
[PlyCount "62"]
[EventDate "2018.03.27"]
[EventType "swiss"]
[EventRounds "7"]
[EventCountry "DEN"]

1. d4 g6 2. e4 Bg7 3. Nf3 c5 4. c3 cxd4 5. cxd4 Nf6 6. e5 Ne4 7. Bd3 d5 8. Nc3
Nxc3 9. bxc3 O-O 10. Qc2 Nc6 11. h4 Bg4 12. Nh2 Be6 13. h5 Rc8 14. Qe2 Qc7 15.
Bd2 Nxe5 16. dxe5 Bxe5 17. Nf1 Bxc3 18. Rd1 Bd7 19. hxg6 hxg6 20. Qe3 Qe5 21.
Qxe5 Bxe5 22. Ne3 d4 23. Nd5 Rfe8 24. O-O Kg7 25. f4 Bd6 26. Nb4 Rh8 27. Rc1
Rcd8 28. Nc2 e5 29. fxe5 Bxe5 30. Bf4 f6 31. Nb4 Rc8 1/2-1/2

[Event "G7 Gruppe 1"]
[Site "Svendborg"]
[Date "2018.03.28"]
[Round "2"]
[White "Poulsen, Peter Risgaard"]
[Black "Hollesen, Kurt"]
[Result "1/2-1/2"]
[WhiteElo "1934"]
[BlackElo "1973"]
[PlyCount "29"]
[EventDate "2018.03.27"]
[EventType "swiss"]
[EventRounds "7"]
[EventCountry "DEN"]

1. d4 d5 2. Bf4 c6 3. c3 e6 4. e3 Bd6 5. Bg3 Nf6 6. Bd3 O-O 7. Nf3 Qe7 8. Bxd6
Qxd6 9. Ne5 Nbd7 10. f4 c5 11. Nd2 c4 12. Bc2 b5 13. Qf3 b4 14. O-O Rb8 15.
Rab1 1/2-1/2

[Event "G7 Gruppe 1"]
[Site "Svendborg"]
[Date "2018.03.29"]
[Round "3"]
[White "Hansen, Erik Olsgaard"]
[Black "Christensen, Jacob Foged"]
[Result "1-0"]
[WhiteElo "1952"]
[BlackElo "1945"]
[PlyCount "74"]
[EventDate "2018.03.27"]
[EventType "swiss"]
[EventRounds "7"]
[EventCountry "DEN"]

1. b3 d5 2. Bb2 Nf6 3. e3 Bf5 4. Nf3 Nbd7 5. Be2 e6 6. d3 c6 7. Nbd2 Qb6 8. O-O
Be7 9. c4 h6 10. Re1 Rg8 11. cxd5 cxd5 12. Bd4 Bc5 13. Bxc5 Nxc5 14. Ne5 Nfd7
15. Nxd7 Nxd7 16. e4 dxe4 17. dxe4 Bg6 18. Nc4 Qc7 19. Rc1 Ke7 20. Qd4 e5 21.
Qe3 Rgc8 22. Red1 Qc5 23. Nd6 Qxe3 24. Nxc8+ Rxc8 25. fxe3 Rxc1 26. Rxc1 Bxe4
27. Bf3 Bxf3 28. gxf3 Kd8 29. Kf2 Nf8 30. f4 Ne6 31. f5 Ng5 32. Rc4 g6 33. fxg6
fxg6 34. h4 Nf7 35. Kf3 Kd7 36. a4 a6 37. a5 g5 1-0

[Event "G7 Gruppe 1"]
[Site "Svendborg"]
[Date "2018.03.29"]
[Round "3"]
[White "Molvig, Henrik"]
[Black "Jepsen, Thomas Tange"]
[Result "1-0"]
[WhiteElo "2092"]
[BlackElo "2077"]
[PlyCount "45"]
[EventDate "2018.03.27"]
[EventType "swiss"]
[EventRounds "7"]
[EventCountry "DEN"]

1. d4 d5 2. c4 c6 3. Nf3 Nf6 4. Nc3 a6 5. a4 e6 6. Bg5 h6 7. Bh4 Nbd7 8. e3 Qa5
9. Nd2 Bb4 10. Qc2 O-O 11. Be2 Re8 12. O-O Qc7 13. Bg3 Qd8 14. Rfd1 a5 15. Bf3
dxc4 16. Nxc4 Nb6 17. Ne5 Bd7 18. Nd3 Qe7 19. e4 Rac8 20. e5 Nfd5 21. Ne4 Rb8
22. Ndc5 Nc8 23. Nf6+ 1-0

[Event "G7 Gruppe 1"]
[Site "Svendborg"]
[Date "2018.03.29"]
[Round "3"]
[White "Nord, Michael"]
[Black "Gregor, Bjarke"]
[Result "1-0"]
[WhiteElo "2042"]
[BlackElo "1914"]
[PlyCount "133"]
[EventDate "2018.03.27"]
[EventType "swiss"]
[EventRounds "7"]
[EventCountry "DEN"]

1. e4 c5 2. Nf3 d6 3. Bb5+ Nd7 4. a4 a6 5. Be2 Ngf6 6. Nc3 e6 7. O-O Be7 8. Re1
Qc7 9. h3 b6 10. d3 Bb7 11. Bf4 Ne5 12. Nxe5 dxe5 13. Bh2 Rd8 14. Qc1 Bd6 15.
b3 O-O 16. g4 Ne8 17. Bf1 f5 18. gxf5 exf5 19. exf5 Qc6 20. Ne4 Rxf5 21. Bg2
Bb8 22. Re3 Qh6 23. Rg3 Qh4 24. Qe3 Bxe4 25. Bxe4 Rh5 26. Re1 Nf6 27. Qf3 Rf8
28. Qg2 Ne8 29. Ree3 Qe7 30. Rg4 Kh8 31. Qg3 Rf4 32. Bc6 Rxg4 33. hxg4 Rh6 34.
Bxe8 Qxe8 35. Re4 Re6 36. Qe3 Qg6 37. f3 h5 38. Kg2 hxg4 39. fxg4 Qf6 40. a5
Qd8 41. axb6 Qxb6 42. Bg1 Ba7 43. Rc4 Qb7+ 44. Qe4 Qxe4+ 45. Rxe4 Bb6 46. Rc4
Kg8 47. Kf3 Kf7 48. Ke4 Kf6 49. Be3 Rd6 50. g5+ Ke6 51. Bxc5 Bxc5 52. Rxc5 Rd4+
53. Ke3 Rd6 54. c3 Kf5 55. d4 Kxg5 56. Rxe5+ Kf6 57. Ke4 g5 58. b4 Rc6 59. Rc5
Rxc5 60. dxc5 Ke6 61. c4 Kd7 62. Kf5 Kc6 63. Kxg5 a5 64. bxa5 Kxc5 65. Kf5 Kc6
66. Ke4 Kb7 67. Kd5 1-0

[Event "G7 Gruppe 1"]
[Site "Svendborg"]
[Date "2018.03.29"]
[Round "3"]
[White "Larsen, Ulrik"]
[Black "Nielsen, Carsten Juul"]
[Result "1-0"]
[WhiteElo "1951"]
[BlackElo "1892"]
[PlyCount "83"]
[EventDate "2018.03.27"]
[EventType "swiss"]
[EventRounds "7"]
[EventCountry "DEN"]

1. e4 e5 2. Nf3 Nc6 3. Bb5 Nge7 4. O-O Ng6 5. d4 Bd6 6. c3 O-O 7. Be3 Re8 8.
Nbd2 exd4 9. cxd4 Bf4 10. Bxf4 Nxf4 11. Re1 a6 12. Bf1 d6 13. Qb3 Na5 14. Qe3
Ng6 15. Rac1 b6 16. d5 Bd7 17. b4 Nb7 18. Qc3 Bg4 19. Qxc7 Re7 20. Qxd8+ Nxd8
21. h3 Bxf3 22. Nxf3 a5 23. bxa5 bxa5 24. Nd4 Nb7 25. Nf5 Rd7 26. Bb5 Rdd8 27.
Bc6 Rab8 28. Rb1 Nc5 29. Rxb8 Rxb8 30. Nxd6 Rb4 31. Be8 Ne5 32. f4 Ned3 33.
Bxf7+ Kf8 34. Re3 Rb1+ 35. Kh2 Ke7 36. e5 Nxf4 37. e6 Nxd5 38. Nc8+ Kf8 39. Re5
Rb8 40. Nd6 Nxe6 41. Bxe6 Nf6 42. Bb3 1-0

[Event "G7 Gruppe 1"]
[Site "Svendborg"]
[Date "2018.03.29"]
[Round "3"]
[White "Mortensen, Henrik"]
[Black "Kristensen, Peter"]
[Result "0-1"]
[WhiteElo "1939"]
[BlackElo "2010"]
[PlyCount "44"]
[EventDate "2018.03.27"]
[EventType "swiss"]
[EventRounds "7"]
[EventCountry "DEN"]

1. e4 e5 2. Nc3 Nf6 3. Nf3 Nc6 4. d4 exd4 5. Nxd4 Bb4 6. Nxc6 bxc6 7. Bd3 d5 8.
exd5 O-O 9. dxc6 Re8+ 10. Be3 Bxc3+ 11. bxc3 Ng4 12. O-O Qd6 13. g3 Qxc6 14.
Bf4 Nxf2 15. Rxf2 Bb7 16. Re2 Qh1+ 17. Kf2 Qg2+ 18. Ke1 Bf3 19. Bxc7 Rac8 20.
Rb1 Bxe2 21. Bxe2 Rxc7 22. Rb4 Rce7 0-1

[Event "G7 Gruppe 1"]
[Site "Svendborg"]
[Date "2018.03.29"]
[Round "3"]
[White "Jensen, Morten Frank"]
[Black "Poulsen, Peter Risgaard"]
[Result "1/2-1/2"]
[WhiteElo "2023"]
[BlackElo "1934"]
[PlyCount "117"]
[EventDate "2018.03.27"]
[EventType "swiss"]
[EventRounds "7"]
[EventCountry "DEN"]

1. e4 d6 2. f4 g6 3. Nf3 Bg7 4. c3 c5 5. Na3 Nc6 6. Be2 Nh6 7. d3 Rb8 8. O-O b5
9. Nc2 O-O 10. Qe1 f5 11. e5 Qb6 12. Kh1 Nf7 13. d4 cxd4 14. cxd4 d5 15. Be3
Ba6 16. b4 Rfc8 17. Rc1 Ncd8 18. Qd2 Rc6 19. Na1 Rbc8 20. Nb3 Rxc1 21. Rxc1
Rxc1+ 22. Qxc1 Ne6 23. Nc5 Bc8 24. Qa3 Nc7 25. h3 h6 26. g3 Nd8 27. Bd1 Nc6 28.
Bd2 a6 29. Qc3 Kf7 30. Bb3 e6 31. Bc2 Bf8 32. a3 Be7 33. g4 Bxc5 34. bxc5 Qb8
35. Kg2 a5 36. Kg3 Ba6 37. Qb2 b4 38. axb4 axb4 39. Ba4 Bb5 40. Bb3 Be2 41. Nh4
Qb5 42. Be3 Qd3 43. Kf2 Nb5 44. gxf5 gxf5 45. Nxf5 Qxf5 46. Qxe2 Nbxd4 47. Qa6
Nxe5 48. Qb7+ Kg6 49. Ba4 Nd3+ 50. Kg1 Nf3+ 51. Kg2 Nh4+ 52. Kg3 Kh5 53. Bd1+
Kg6 54. Qe7 Qe4 55. Qe8+ Kg7 56. Qe7+ Kg8 57. Qe8+ Kg7 58. Qe7+ Kg8 59. Qe8+
1/2-1/2

[Event "G7 Gruppe 1"]
[Site "Svendborg"]
[Date "2018.03.29"]
[Round "3"]
[White "Olsen, Bjorn"]
[Black "Hvid, Jorn Christensen"]
[Result "0-1"]
[WhiteElo "1855"]
[BlackElo "1959"]
[PlyCount "64"]
[EventDate "2018.03.27"]
[EventType "swiss"]
[EventRounds "7"]
[EventCountry "DEN"]

1. d4 Nf6 2. Nf3 e6 3. g3 c5 4. Bg2 Nc6 5. O-O d5 6. c4 cxd4 7. Nxd4 Be7 8.
cxd5 Nxd5 9. Nxc6 bxc6 10. Qa4 Bd7 11. e4 c5 12. Qd1 Nb6 13. Nc3 Qc7 14. Qe2 c4
15. Bf4 e5 16. Be3 Bc5 17. Nd5 Qc8 18. Qh5 O-O 19. Bxc5 Nxd5 20. exd5 Qxc5 21.
Qxe5 Rfe8 22. Qc3 Bf5 23. Rac1 Qb6 24. Qxc4 Qxb2 25. a4 g5 26. Qc3 Qxc3 27.
Rxc3 Rac8 28. Rc6 a5 29. Rfc1 Bd7 30. Rc7 Rxc7 31. Rxc7 Re1+ 32. Bf1 Bh3 0-1